| 000 | 00764nam0a22002531 4500 | ||
|---|---|---|---|
| 001 | v19\rc\1675425 | ||
| 005 | 20250619014845.0 | ||
| 035 | _a(NLR Aleph) 004782210 | ||
| 090 |
_a4679955 _c4679955 |
||
| 100 | _a20061002d1894 |||y0rusy50 ca | ||
| 101 | 0 | _arus | |
| 102 | _aRU | ||
| 105 | _ay z |||a| | ||
| 200 | 1 |
_aЛиходейка-мачеха _eНар. старин. сказка, рассказ. Дедушкою Кузьмичом |
|
| 210 |
_aМосква _cИ.А. Морозов _d1894 |
||
| 215 |
_a23 с. _d18 |
||
| 702 | 0 |
_aДедушка Кузьмич _4570 |
|
| 801 | 0 |
_aRU _bNLR _gpsbo |
|
| 801 | 0 |
_aRU _bRuMoRGB _2psbo |
|
| 801 | 1 |
_aRU _bProSoft-M _2rusmarc |
|
| 852 |
_aNLR _j18.181.6.494 |
||
| 899 |
_aRuMoRGB _jA 218/2197 |
||
| 942 | _cBOOK | ||
| 980 | _aNB | ||